Junqueira's Basic Histology (Record no. 35509)

MARC details
000 -LEADER
fixed length control field 00531nam a22001937a 4500
005 - DATE AND TIME OF LATEST TRANSACTION
control field 20240401093849.0
008 - FIXED-LENGTH DATA ELEMENTS--GENERAL INFORMATION
fixed length control field 240401b |||||||| |||| 00| 0 eng d
020 ## - INTERNATIONAL STANDARD BOOK NUMBER
ISBN 9780071271905
082 ## - DEWEY DECIMAL CLASSIFICATION NUMBER
Classification number 615
Item number MES-J
100 ## - MAIN ENTRY--AUTHOR
Author Name Mescher Anthony L.
245 ## - TITLE STATEMENT
Title Junqueira's Basic Histology
Statement of responsibility, etc. Anthony L. Mescher
250 ## - EDITION STATEMENT
Edition statement 2th ed.
260 ## - PUBLICATION, DISTRIBUTION, ETC.
Place of Publication Singapore :
Name of publisher, distributor, etc. McGraw Hill :
Date of publication, distribution, etc. 2010.
300 ## - PHYSICAL DESCRIPTION
Pages v, 467p. :
500 ## - GENERAL NOTE
General note Include Index .
650 ## - SUBJECT ADDED ENTRY--TOPICAL TERM
Subject / Department Medical / Histology
700 ## - ADDED ENTRY--PERSONAL NAME
Personal name Anthony L. Mescher
300 ## - PHYSICAL DESCRIPTION
-- ill ;
-- 27cm.
952 ## - LOCATION AND ITEM INFORMATION (KOHA)
-- 0
-- 0
952 ## - LOCATION AND ITEM INFORMATION (KOHA)
-- 0
-- 0
952 ## - LOCATION AND ITEM INFORMATION (KOHA)
-- 0
-- 0
952 ## - LOCATION AND ITEM INFORMATION (KOHA)
-- 0
-- 0
952 ## - LOCATION AND ITEM INFORMATION (KOHA)
-- 0
-- 0
Holdings
Lost status Damaged status Collection code Permanent Location Current Location Shelving Location Date acquired Full Call Number Accession No./Barcode Date last seen Copy number item type Koha item type
    Medical Superior Information Resource Center (SIRC) Superior University- Main Campus Superior Information Resource Center (SIRC) Superior University- Main Campus Histology 04/01/2024 615 MES-J 2010 10208 04/01/2024 1 BOOK BOOK
    Medical Superior Information Resource Center (SIRC) Superior University- Main Campus Superior Information Resource Center (SIRC) Superior University- Main Campus Histology 04/01/2024 615 MES-J 2010 10209 04/01/2024 2 BOOK BOOK
    Medical Superior Information Resource Center (SIRC) Superior University- Main Campus Superior Information Resource Center (SIRC) Superior University- Main Campus Histology 04/01/2024 615 MES-J 2010 10210 03/13/2025 3 BOOK BOOK
    Medical Superior Information Resource Center (SIRC) Superior University- Main Campus Superior Information Resource Center (SIRC) Superior University- Main Campus Histology 04/01/2024 615 MES-J 2010 10211 04/01/2024 4 BOOK BOOK
    Medical Superior Information Resource Center (SIRC) Superior University- Main Campus Superior Information Resource Center (SIRC) Superior University- Main Campus Histology 04/01/2024 615 MES-J 2010 10212 04/01/2024 5 BOOK BOOK

Powered by Koha